00753nam a22002297a 450000500170000001000130001702000100003003500130004003700160005304000120006908200100008110000250009124500760011626000290019227000590022130000200028065000210030065000320032194200240035399900190037795201270039620170124105915.0 aA-286550 c00.00 aA-286550 bCen Lib/Ret aDPLbEN a351.5 aMuthuswamy, P.92128 aSwamy's compilation on suspension and reinstatement /cby P. Muthuswamy aMadrasbSwamy Publishers aSandhya Mansions, 164, R. K. Mutt RoadbMadrase600028 a127p.c21cm(Hb) aIndian Law91183 aSuspension-Indian Law92129 2ddccENh351.5mMUT c122762d122762 001040718REFaLbLd2015-05-29eCen Lib/Retg0.00l0o351.5 MUTpA-286550r2015-05-29 00:00:00t1v0.00w2015-05-29yEN